000 00748nam a2200265Ia 4500
003 OSt
005 20221006143311.0
006 a|||||r|||| 00| 0
007 ta
008 221006b |||||||| |||| 00| 0 eng d
020 _c
_9.00
024 _a8,580
037 _bGift, Japan Foundation
_cTextual
040 _aEASL
_cEASL
_beng
041 _2eng
_aeng
082 _aX8(A).42.N7, L4
100 _aADAMS T F M
_9122780
245 0 _aWorld of Japanese business
260 _aTokyo
_bKodansha International Ltd.
_c1974
300 _a326p.
_ccm.
490 _v JEL
700 _a KOBAYASHI N
_9649603
942 _hX8(A).42.N7, L4
_cTEXL
_2CC
999 _c1076666
_d1076666